000 01529nam a2200301 i 4500
001 000045705
003 DO-SdBNP
005 20260518200822.0
007 ta
008 150429s1999 dr 000 p spa d
020 _a9768160802
040 _aDO-SdBNP
_bspa
_cBNPHU
_erda
041 _aspa
082 _aRD861.44
_bA634
_222
245 0 0 _aAntología a las madres a traves de veinte poetas Dominicanos /
_ccompilación y prólogo, Mateo Morrison
264 _aSanto Domingo, República Dominicana :
_bEditora Gente,
_c1999
300 _a59 páginas ;
_c21 cm
336 _atexto
_btxt
_2rdacontent
337 _asin mediación
_bn
_2rdamedia
338 _avolumen
_bnc
_2rdacarrier
520 _aEsta gran obra literaria, producto del incansable trabajo de su compilador, en los aspectos literarios de la poesia, y de Espacios Culturales, es antológica por varias razones, primero porque colecciona veinte poemas dedicados a las madres, donde se recogen textos de veinte autores correspondientes a diversas generaciones que se extendien desde la inmensa Salomé uren̋a hasta algunos integrantes de la generacioń del 80, pasando por el Postumismo, Sorprendidos, cuarenta y Ochistas y poetas de la postguerra, además de algunos independientes. Verdaderamente antológica
590 _aInventariado, 2025/DG
650 3 _2lemb
_aPoesía dominicana
_xColecciones
_989653
650 7 _2lemb
_aLiteratura dominicana
700 1 _aMorrison, Mateo,
_d1947-
_ecompilador
_eprologuista
_91469
910 _aDG
942 _2ddc
_cLBS1
999 _c45194
_d45194